00425nam a22001457a 450000500170000000800410001702000140005804100120007208200120008410000120009624500630010826000510017130000320022265000250025420241002065116.0241002b |||||||| |||| 00| 0 eng d a409005959 aEnglish a348 SOU lEnglish aThe South African Encyclopaedia of Forms and Precedents /  aDurban: bButterworth and Company Ltd, c1976  bxxxii, 187 pages; c26 cm.  aLegal practice bLaw